[Event "M.Chigorin Memorial 2014"]
[Site "St. Petersburg"]
[Date "2014.10.19"]
[Round "2.98"]
[White "Gantsevich, Aleksey A"]
[Black "Erzhanov, Arman"]
[Result "0-1"]
[WhiteElo "1766"]
[BlackElo "2278"]
[PlyCount "94"]
[EventDate "2014.10.18"]
[EventType "swiss"]
[EventCountry "RUS"]

1. Nf3 d6 2. g3 e5 3. d3 Nc6 4. Bg2 g6 5. O-O Bg7 6. Nbd2 Nge7 7. e4 O-O 8. c3
h6 9. a4 Be6 10. Nc4 Qd7 11. Qe2 f5 12. Rd1 Rae8 13. Bh3 fxe4 14. Bxe6+ Qxe6
15. dxe4 Rxf3 16. Qxf3 Qxc4 17. Qd3 Qe6 18. Be3 b6 19. b4 a5 20. b5 Nb8 21. Kg2
Nd7 22. f3 Kh7 23. Qd2 Rf8 24. Rf1 Ng8 25. Rfd1 Qf7 26. Rf1 h5 27. Qa2 Qe7 28.
Qc4 Ndf6 29. Bg5 Nh6 30. Rad1 Nf7 31. Bxf6 Bxf6 32. Qd5 Ng5 33. h3 Qd7 34. Rh1
h4 35. g4 Ne6 36. Qd2 Bg5 37. Qc2 Qf7 38. Rhf1 Bf4 39. Kg1 Bg3 40. Qb3 Qf6 41.
Qc4 Rf7 42. Rd2 Nf4 43. Kh1 Nxh3 44. Qd3 Nf4 45. Qe3 Qe6 46. Rg1 Qc4 47. Rgd1
Qxa4 0-1

[Event "M.Chigorin Memorial 2014"]
[Site "St. Petersburg"]
[Date "2014.10.19"]
[Round "2.99"]
[White "Kiseleva, Arina"]
[Black "Ganichev, Alexander"]
[Result "1/2-1/2"]
[WhiteElo "1922"]
[BlackElo "2247"]
[PlyCount "86"]
[EventDate "2014.10.18"]
[EventType "swiss"]
[EventCountry "RUS"]

1. d4 d5 2. Nf3 Nf6 3. c4 e6 4. cxd5 exd5 5. Nc3 c6 6. Bg5 Bf5 7. e3 Nbd7 8.
Bd3 Bxd3 9. Qxd3 Be7 10. O-O O-O 11. Rab1 a5 12. Ne5 Nxe5 13. dxe5 Nd7 14. Bxe7
Qxe7 15. f4 f6 16. exf6 Nxf6 17. Rbe1 Rae8 18. Re2 Qb4 19. Rfe1 Ne4 20. Nxe4
Rxe4 21. g3 Rfe8 22. Kg2 a4 23. Kf3 Ra8 24. Rd1 Qb6 25. Qc3 Rc4 26. Qd3 h6 27.
Qg6 Qb4 28. a3 Qb5 29. Rd4 Rf8 30. Rxc4 Qxc4 31. Qc2 Qb5 32. Kf2 c5 33. Qc3 Kh8
34. Qe5 Qc6 35. Rd2 Rd8 36. h4 d4 37. exd4 cxd4 38. Rxd4 Re8 39. Rc4 Qd7 40.
Qd4 Qh3 41. Qd3 Qh1 42. Rc2 Qe1+ 43. Kg2 b6 1/2-1/2

[Event "M.Chigorin Memorial 2014"]
[Site "St. Petersburg"]
[Date "2014.10.19"]
[Round "2.100"]
[White "Gorlanov, Vladislav"]
[Black "Potapova, Margarita"]
[Result "1-0"]
[WhiteElo "2235"]
[BlackElo "1917"]
[PlyCount "119"]
[EventDate "2014.10.18"]
[EventType "swiss"]
[EventCountry "RUS"]

1. e4 Nf6 2. e5 Nd5 3. d4 d6 4. Nf3 Bg4 5. Bc4 e6 6. h3 Bh5 7. Bxd5 exd5 8. Qe2
dxe5 9. Qb5+ Nd7 10. Nxe5 Bd6 11. O-O Bxe5 12. dxe5 O-O 13. Qxd5 c6 14. Qd4 Nb6
15. Be3 Qxd4 16. Bxd4 Rfd8 17. Bxb6 axb6 18. f4 f6 19. e6 f5 20. Re1 Rd6 21.
Na3 Re8 22. Nc4 Rdxe6 23. Rxe6 Rxe6 24. Nxb6 Re4 25. c3 Rxf4 26. Re1 Re4 27.
Rxe4 fxe4 28. Kf2 Kf7 29. Ke3 Bg6 30. Nc4 Ke7 31. Na5 b6 32. Nxc6+ Kd6 33. Nd4
Kd5 34. b3 Be8 35. Nf5 g6 36. Ng3 Ke5 37. c4 Bc6 38. a4 h5 39. Ne2 g5 40. Nc3
h4 41. b4 Bd7 42. Nxe4 Bc6 43. Nxg5 Bxg2 44. Nf3+ Kd6 45. Nxh4 Bxh3 46. Ke4 Bd7
47. Nf5+ Kc7 48. b5 Be6 49. Ne3 Bh3 50. Ke5 Kb7 51. Kd6 Bc8 52. Nd5 Bh3 53.
Nxb6 Kxb6 54. c5+ Kb7 55. a5 Bf1 56. a6+ Kb8 57. Kc6 Ka7 58. b6+ Ka8 59. b7+
Kb8 60. a7+ 1-0

[Event "M.Chigorin Memorial 2014"]
[Site "St. Petersburg"]
[Date "2014.10.19"]
[Round "2.101"]
[White "Burmakin, Vladimir"]
[Black "Bezstrakhov, Dmitry"]
[Result "1-0"]
[WhiteElo "2583"]
[BlackElo "1987"]
[PlyCount "125"]
[EventDate "2014.10.18"]
[EventType "swiss"]
[EventCountry "RUS"]

1. d4 b6 2. Nf3 Bb7 3. g3 Nf6 4. Bg2 e6 5. c4 Na6 6. O-O Be7 7. Nc3 O-O 8. d5
Bb4 9. dxe6 fxe6 10. Qc2 Bxc3 11. Qxc3 Nc5 12. b4 Nce4 13. Qc2 a5 14. Ng5 Nxg5
15. Bxb7 Rb8 16. Bg2 Nf7 17. bxa5 bxa5 18. Ba3 Re8 19. Rfd1 Qc8 20. Bb2 e5 21.
c5 c6 22. e3 Qc7 23. Rab1 Rb7 24. h4 Reb8 25. Bf1 Re8 26. Bc4 Kf8 27. Bb3 Rbb8
28. Rd2 Re7 29. Rc1 Qa7 30. Ba3 Ke8 31. Rd6 Nxd6 32. cxd6 Rxb3 33. axb3 Re6 34.
e4 Qa6 35. f3 Nh5 36. Kf2 Qb5 37. Qc4 Qxc4 38. bxc4 Kf7 39. Rb1 Re8 40. Rb7 Ke6
41. Ra7 Rb8 42. Rxa5 Rb1 43. f4 Nf6 44. Rxe5+ Kf7 45. Re7+ Kf8 46. e5 Ne4+ 47.
Kg2 Rb3 48. e6 Rxg3+ 49. Kf1 Nf6 50. exd7 Nxd7 51. Rxd7 Rxa3 52. Rc7 Ke8 53. c5
Rf3+ 54. Kg2 Rxf4 55. Kg3 Rc4 56. Rxc6 h5 57. Rc8+ Kd7 58. Rc7+ Kd8 59. c6 g5
60. hxg5 Rg4+ 61. Kh3 Rxg5 62. Ra7 Ke8 63. Ra8+ 1-0

[Event "M.Chigorin Memorial 2014"]
[Site "St. Petersburg"]
[Date "2014.10.19"]
[Round "2.102"]
[White "Sivuk, Vitaly"]
[Black "Soldatov, Arnold"]
[Result "1-0"]
[WhiteElo "2523"]
[BlackElo "1984"]
[PlyCount "67"]
[EventDate "2014.10.18"]
[EventType "swiss"]
[EventCountry "RUS"]

1. e4 Nf6 2. e5 Nd5 3. d4 d6 4. Nf3 g6 5. Bc4 Nb6 6. Bb3 Bg7 7. Ng5 d5 8. f4 h6
9. Nf3 Bg4 10. Nbd2 Nc6 11. c3 e6 12. h3 Bxf3 13. Nxf3 Ne7 14. Be3 Qd7 15. Qe2
Nf5 16. Bf2 Bf8 17. g4 Ng7 18. a4 a5 19. Bc2 h5 20. O-O Be7 21. b3 c6 22. Kg2
Qc7 23. Bd3 Nd7 24. Bg3 Nf8 25. Rfb1 Nd7 26. b4 O-O 27. Qc2 Rfb8 28. f5 gxf5
29. gxf5 h4 30. Bh2 exf5 31. Bxf5 Kh8 32. Kh1 Nh5 33. Qd2 Bf8 34. Qg5 1-0

[Event "M.Chigorin Memorial 2014"]
[Site "St. Petersburg"]
[Date "2014.10.19"]
[Round "2.103"]
[White "Koshil, Tikhon"]
[Black "Krapivin, Alexander"]
[Result "0-1"]
[WhiteElo "1975"]
[BlackElo "2442"]
[PlyCount "114"]
[EventDate "2014.10.18"]
[EventType "swiss"]
[EventCountry "RUS"]

1. Nf3 b6 2. g3 Bb7 3. Bg2 Nf6 4. O-O e6 5. d3 d5 6. Nbd2 Be7 7. b3 O-O 8. Bb2
c5 9. e3 Nbd7 10. Qe2 Qc7 11. e4 d4 12. a4 a6 13. Nh4 Ne8 14. f4 Bxh4 15. gxh4
f5 16. Qf2 Ndf6 17. h3 fxe4 18. Nxe4 Nxe4 19. dxe4 Nf6 20. Rae1 Nh5 21. Bc1 g6
22. Bd2 Rf7 23. e5 Raf8 24. Kh2 Bxg2 25. Kxg2 Qc6+ 26. Kh2 Qd5 27. Kg1 b5 28.
axb5 axb5 29. Kh2 c4 30. bxc4 bxc4 31. Qf3 Qd7 32. Qe4 Ng7 33. Bb4 Rc8 34. Bd6
Nf5 35. Rf2 Qa7 36. Ree2 Nxh4 37. Rd2 Nf5 38. Rg2 Rd7 39. Rg5 d3 40. cxd3 c3
41. Rc2 Qb7 42. Rg1 Qxe4 43. dxe4 Nd4 44. Rf2 c2 45. Rc1 Rb7 46. f5 Rb1 47. Ba3
Rb3 48. Bd6 Rcc3 49. Kg2 Rxh3 50. Rfxc2 Nxc2 51. fxe6 Rbg3+ 52. Kf2 Rf3+ 53.
Kg2 Ne3+ 54. Kg1 Rhg3+ 55. Kh1 Rh3+ 56. Kg1 Rfg3+ 57. Kf2 Rg2+ 0-1

[Event "M.Chigorin Memorial 2014"]
[Site "St. Petersburg"]
[Date "2014.10.19"]
[Round "2.104"]
[White "Petrushev, Nikita"]
[Black "Vastrukhin, Oleg"]
[Result "0-1"]
[WhiteElo "1974"]
[BlackElo "2397"]
[PlyCount "82"]
[EventDate "2014.10.18"]
[EventType "swiss"]
[EventCountry "RUS"]

1. e4 g6 2. d4 Bg7 3. Nc3 c6 4. Be3 d5 5. f3 dxe4 6. fxe4 Nf6 7. Qd2 Ng4 8.
O-O-O Nxe3 9. Qxe3 Nd7 10. Nf3 O-O 11. Kb1 b5 12. Bd3 b4 13. Ne2 e5 14. dxe5
Qe7 15. Qg5 Qxg5 16. Nxg5 Nxe5 17. h3 c5 18. Nf3 Bb7 19. Nxe5 Bxe5 20. Rhf1
Rad8 21. Nc1 Rfe8 22. Nb3 Bd4 23. Rde1 Kg7 24. g4 Re7 25. Nd2 a5 26. Re2 a4 27.
Kc1 Bf6 28. Kb1 Bc6 29. Nc4 Bg5 30. Na5 Ba8 31. Nc4 Rd4 32. e5 Bd5 33. b3 axb3
34. axb3 Ra7 35. Kb2 Rf4 36. Rxf4 Bxf4 37. Rf2 Bg3 38. Re2 Re7 39. Kc1 Bf3 40.
Re3 Bf4 41. Kd2 Bd5 0-1

[Event "M.Chigorin Memorial 2014"]
[Site "St. Petersburg"]
[Date "2014.10.19"]
[Round "2.105"]
[White "Triapishko, Olexandr"]
[Black "Isaev, Chingys"]
[Result "1-0"]
[WhiteElo "2369"]
[BlackElo "1977"]
[PlyCount "105"]
[EventDate "2014.10.18"]
[EventType "swiss"]
[EventCountry "RUS"]

1. e4 d5 2. exd5 Qxd5 3. Nc3 Qd6 4. d4 Nf6 5. Nf3 c6 6. Ne5 Nbd7 7. Nc4 Qc7 8.
Qf3 Nb6 9. Bf4 Qd8 10. Be5 Bg4 11. Qg3 Be6 12. Ne3 Nbd5 13. Nexd5 Nxd5 14.
O-O-O Bf5 15. Bc4 Nxc3 16. Qxc3 e6 17. Rhe1 Qb6 18. a3 O-O-O 19. d5 exd5 20.
Bxd5 f6 21. Bd4 Qc7 22. Bf3 c5 23. Be3 Rxd1+ 24. Rxd1 Bd6 25. Qc4 Re8 26. Bxb7+
Qxb7 27. Rxd6 Qc7 28. Qa6+ Qb7 29. Rc6+ Kb8 30. Qxb7+ Kxb7 31. Rxc5 Be4 32.
Rb5+ Ka6 33. Rb4 Bc6 34. Rc4 Re6 35. g3 g6 36. b3 h5 37. h4 Kb7 38. Kb2 a6 39.
Rb4+ Kc7 40. Rd4 Be4 41. a4 Kc6 42. c4 Bf3 43. b4 Re4 44. b5+ axb5 45. cxb5+
Kc7 46. Rxe4 Bxe4 47. Kc3 Bf3 48. a5 Be2 49. Kb4 Bf1 50. Bd4 f5 51. Be3 Be2 52.
a6 Bf1 53. b6+ 1-0

[Event "M.Chigorin Memorial 2014"]
[Site "St. Petersburg"]
[Date "2014.10.19"]
[Round "2.106"]
[White "Sadovsky, Artem"]
[Black "Ladzin, Ivan"]
[Result "1-0"]
[WhiteElo "2364"]
[BlackElo "1961"]
[PlyCount "111"]
[EventDate "2014.10.18"]
[EventType "swiss"]
[EventCountry "RUS"]

1. Nf3 Nf6 2. g3 d5 3. Bg2 c5 4. c4 e6 5. O-O Nc6 6. cxd5 Nxd5 7. d3 Be7 8.
Nbd2 O-O 9. a4 b6 10. Nc4 Bb7 11. Bd2 Rc8 12. Qb3 Ndb4 13. Bc3 a6 14. Nfe5 b5
15. axb5 axb5 16. Nxc6 Bxc6 17. Ne3 c4 18. dxc4 bxc4 19. Qd1 Bxg2 20. Kxg2 Qb6
21. Qd7 Rc7 22. Qa4 Nd5 23. Nxd5 Qb7 24. Rfd1 exd5 25. Qa6 Rd8 26. e4 d4 27.
Qxb7 Rxb7 28. Rxd4 Rc8 29. Ra4 Rbc7 30. Rd5 h6 31. f4 Rb7 32. Kf3 Kf8 33. e5 f6
34. e6 Rb6 35. f5 g6 36. g4 h5 37. Ra7 hxg4+ 38. Kxg4 Rcc6 39. Bd4 gxf5+ 40.
Kxf5 Rxe6 41. Bxb6 Rxb6 42. Rdd7 Rb5+ 43. Kf4 Re5 44. Rxe7 Rxe7 45. Rxe7 Kxe7
46. Kf5 Kf7 47. h4 Kg7 48. h5 Kh6 49. Kxf6 Kxh5 50. Ke5 Kg5 51. Kd4 Kf5 52.
Kxc4 Ke6 53. Kb5 Kd7 54. Kb6 Kc8 55. b4 Kb8 56. b5 1-0

[Event "M.Chigorin Memorial 2014"]
[Site "St. Petersburg"]
[Date "2014.10.19"]
[Round "2.107"]
[White "Kozlitin, Oleg"]
[Black "Pustovidko, Anastasia"]
[Result "1-0"]
[WhiteElo "2348"]
[BlackElo "1955"]
[PlyCount "51"]
[EventDate "2014.10.18"]
[EventType "swiss"]
[EventCountry "RUS"]

1. e4 e6 2. d4 d5 3. Nc3 Bb4 4. e5 c5 5. a3 Bxc3+ 6. bxc3 Ne7 7. h4 h6 8. h5
Qc7 9. Nf3 Nbc6 10. Bd3 cxd4 11. cxd4 Na5 12. Rh3 Bd7 13. Rg3 Nec6 14. Be3 f6
15. Rxg7 fxe5 16. Bg6+ Kd8 17. Bxh6 exd4 18. Bg5+ Kc8 19. h6 Nc4 20. h7 Qa5+
21. Kf1 Kc7 22. Bf7 Nd6 23. Bxe6 Nb8 24. Ne5 Ne8 25. Re7 Qb5+ 26. Qd3 1-0

[Event "M.Chigorin Memorial 2014"]
[Site "St. Petersburg"]
[Date "2014.10.19"]
[Round "2.108"]
[White "Pisakov, Ilia"]
[Black "Voronenkov, Sergey"]
[Result "1-0"]
[WhiteElo "2303"]
[BlackElo "1950"]
[PlyCount "61"]
[EventDate "2014.10.18"]
[EventType "swiss"]
[EventCountry "RUS"]

1. d4 Nf6 2. Nf3 g6 3. b3 Bg7 4. Bb2 d5 5. g3 O-O 6. Bg2 Ne4 7. c4 c6 8. O-O
Nd7 9. Na3 b6 10. b4 a5 11. b5 Bb7 12. cxd5 cxd5 13. Qd3 Rc8 14. Rac1 Nec5 15.
dxc5 Bxb2 16. c6 Bxc1 17. Rxc1 Ba8 18. Ne5 Nf6 19. Bh3 e6 20. Qd4 h5 21. e3 Ne4
22. f4 Kh7 23. Nac4 dxc4 24. Qxe4 Qd2 25. Rxc4 Rcd8 26. Rd4 Rxd4 27. Qxd4 Qc1+
28. Bf1 Qc5 29. Nd7 Qe7 30. Nxf8+ Qxf8 31. Qxb6 1-0

[Event "M.Chigorin Memorial 2014"]
[Site "St. Petersburg"]
[Date "2014.10.19"]
[Round "2.109"]
[White "Bezhenar, Georgy"]
[Black "Kiselev, Pavel"]
[Result "0-1"]
[WhiteElo "1969"]
[BlackElo "2216"]
[PlyCount "86"]
[EventDate "2014.10.18"]
[EventType "swiss"]
[EventCountry "RUS"]

1. d4 Nf6 2. c4 c5 3. d5 b5 4. cxb5 a6 5. b6 d6 6. Nc3 Nbd7 7. e4 g6 8. Nf3 Bg7
9. Be2 O-O 10. a4 a5 11. h3 Nxb6 12. O-O Ba6 13. Bxa6 Rxa6 14. Qe2 Ra8 15. Bf4
Nfd7 16. Nb5 Qc8 17. Rfd1 Qb7 18. Ra2 Rfc8 19. Bg5 Kf8 20. Bd2 Rab8 21. b3 c4
22. bxc4 Rxc4 23. Bxa5 Rbc8 24. Nbd4 Nxa4 25. Nc6 R8xc6 26. dxc6 Qxc6 27. Nd2
Rd4 28. Rda1 Bf6 29. f3 Qc5 30. Kh1 Qxa5 31. Nb3 Qb6 32. Nxd4 Nc3 33. Ne6+ fxe6
34. Ra8+ Kf7 35. Qc4 Qc5 36. Qa6 Kg7 37. Qb7 Ne5 38. Qb8 Kh6 39. Qf8+ Kg5 40.
Rc8 Qe3 41. h4+ Kh5 42. Rg1 Ne2 43. Rb1 Nxf3 0-1

[Event "M.Chigorin Memorial 2014"]
[Site "St. Petersburg"]
[Date "2014.10.19"]
[Round "2.110"]
[White "Vorobjev, Dmitry"]
[Black "Azimov, Ilyas"]
[Result "0-1"]
[WhiteElo "2199"]
[BlackElo "1938"]
[PlyCount "194"]
[EventDate "2014.10.18"]
[EventType "swiss"]
[EventCountry "RUS"]

1. e4 c5 2. Nf3 Nc6 3. d4 cxd4 4. Nxd4 Qb6 5. Nxc6 bxc6 6. Bd3 e5 7. O-O Nf6 8.
Nc3 Be7 9. Kh1 O-O 10. f4 d6 11. Qe1 exf4 12. Bxf4 Ba6 13. Qe2 Bxd3 14. cxd3
Rfe8 15. Be3 Qb7 16. Rf5 Rab8 17. b3 Bf8 18. Raf1 Re5 19. Bd4 Rxf5 20. Rxf5 Ne8
21. e5 g6 22. Rf1 Bg7 23. e6 f5 24. Qe3 a6 25. Ne2 Nf6 26. Qc1 Re8 27. Nf4 c5
28. Bc3 Nd5 29. Bxg7 Kxg7 30. Qc4 Nxf4 31. Rxf4 Qc8 32. g4 Rxe6 33. gxf5 gxf5
34. Qd5 Rf6 35. Rf1 Qd7 36. Rg1+ Rg6 37. Rf1 Kf6 38. Re1 Rg7 39. d4 Re7 40.
Rxe7 Qxe7 41. dxc5 Qe1+ 42. Kg2 Qe2+ 43. Kg1 Qe3+ 44. Kg2 Qxc5 45. Qa8 Qc2+ 46.
Kf3 Qd3+ 47. Kf4 Qf1+ 48. Ke3 Qh3+ 49. Kd4 Qg4+ 50. Kc3 Qh3+ 51. Kb4 Qxh2 52.
Qxa6 Qd2+ 53. Ka3 f4 54. Qa8 d5 55. Qd8+ Ke5 56. Qe7+ Kd4 57. Qa7+ Kd3 58.
Qxh7+ Ke3 59. Qe7+ Kf3 60. Qh4 Ke2 61. Qh2+ Ke3 62. Qg1+ Ke2 63. Qg2+ Kd1 64.
Qg4+ Kc2 65. Qg6+ Kc1 66. Qg1+ Qd1 67. Qf2 Qd2 68. Qg1+ Kc2 69. Qg6+ Kd1 70.
Qg1+ Ke2 71. Qg2+ Ke3 72. Qg1+ Qf2 73. Qxf2+ Kxf2 74. b4 f3 75. b5 d4 76. b6 d3
77. b7 d2 78. b8=Q d1=Q 79. Qh2+ Ke1 80. Qg1+ Kd2 81. Qg4 Qc1+ 82. Kb3 Qb1+ 83.
Ka3 Qd3+ 84. Kb2 Qe3 85. a4 Ke1 86. Qg3+ Kd1 87. Qg4 Qe2+ 88. Kb1 f2 89. Qd4+
Ke1 90. Kc1 Kf1 91. Qd5 Qg4 92. Qh1+ Qg1 93. Qf3 Qg5+ 94. Kd1 Kg1 95. Ke2 Qe5+
96. Kd2 f1=Q 97. Qg4+ Qg2+ 0-1

[Event "M.Chigorin Memorial 2014"]
[Site "St. Petersburg"]
[Date "2014.10.19"]
[Round "2.111"]
[White "Mikhailov, Ivan"]
[Black "Denishev, Marat"]
[Result "0-1"]
[WhiteElo "1959"]
[BlackElo "2183"]
[PlyCount "118"]
[EventDate "2014.10.18"]
[EventType "swiss"]
[EventCountry "RUS"]

1. d4 Nf6 2. c4 e6 3. Nf3 b6 4. a3 Bb7 5. Nc3 d5 6. cxd5 exd5 7. g3 Be7 8. Bg2
O-O 9. O-O Ne4 10. Ne5 Nxc3 11. bxc3 Nd7 12. Nd3 c6 13. Qa4 Bf6 14. e4 dxe4 15.
Bxe4 Re8 16. Bg2 Qc8 17. Qc2 c5 18. d5 c4 19. Nf4 Be5 20. Be3 Bd6 21. a4 Nc5
22. Ne2 Nb3 23. Ra2 Qc7 24. Nd4 Nxd4 25. Bxd4 Rad8 26. Be3 Rd7 27. a5 Bc5 28.
axb6 axb6 29. Bf4 Qd8 30. Ra7 b5 31. Raa1 Bxd5 32. Rfd1 Bxg2 33. Kxg2 Rd3 34.
Re1 Qd5+ 35. Kg1 Rd8 36. Re2 f6 37. Rae1 Kf7 38. Be3 Bxe3 39. Rxe3 Rxe3 40.
Rxe3 Qd1+ 41. Qxd1 Rxd1+ 42. Kg2 Rd5 43. Re2 Re5 44. Ra2 g5 45. Ra7+ Kg6 46. g4
Re2 47. Rb7 Rb2 48. h3 h5 49. Kg3 Rb3 50. Kg2 h4 51. Kh2 Rxc3 52. Rxb5 Kf7 53.
Kg2 Ke6 54. Rb6+ Ke5 55. Rc6 Kd4 56. Rxf6 Rd3 57. Rd6+ Kc3 58. Rc6 Kb3 59. Rb6+
Kc2 0-1

[Event "M.Chigorin Memorial 2014"]
[Site "St. Petersburg"]
[Date "2014.10.19"]
[Round "2.112"]
[White "Klyuev, Alexander S"]
[Black "Ngnegevo, Filipp"]
[Result "0-1"]
[WhiteElo "2181"]
[BlackElo "1936"]
[PlyCount "96"]
[EventDate "2014.10.18"]
[EventType "swiss"]
[EventCountry "RUS"]

1. Nf3 Nf6 2. c4 g6 3. Nc3 Bg7 4. g3 O-O 5. Bg2 d5 6. cxd5 Nxd5 7. O-O Nb6 8.
d3 Nc6 9. Be3 Bf5 10. Qd2 Qd7 11. Rfc1 Rfd8 12. Qe1 e5 13. Nd2 Bh3 14. Bh1 Qc8
15. Nde4 Nd4 16. Bg5 Re8 17. Nc5 c6 18. Bd2 Bg4 19. f3 Bf5 20. b4 Nd7 21. N5e4
Bxe4 22. Nxe4 Qc7 23. Rab1 f5 24. Nc3 Qb6 25. e3 Nb5 26. Qf2 Nxc3 27. Bxc3 Qb5
28. Rd1 Nb6 29. Bg2 Nd5 30. Ba1 Rad8 31. Bf1 Qb6 32. e4 Ne3 33. Re1 Nxf1 34.
Qxb6 axb6 35. Kxf1 Rxd3 36. Kf2 Ra8 37. exf5 Rxa2+ 38. Re2 Rda3 39. Rxa2 Rxa2+
40. Ke3 gxf5 41. Rd1 h5 42. g4 Ra3+ 43. Ke2 fxg4 44. fxg4 Rb3 45. Rd3 Kh7 46.
Rd7 Rxb4 47. Kf3 Kg8 48. Kg3 Rb1 0-1

[Event "M.Chigorin Memorial 2014"]
[Site "St. Petersburg"]
[Date "2014.10.19"]
[Round "2.113"]
[White "Gantsevich, Aleksei"]
[Black "Vunder, Andrey"]
[Result "1/2-1/2"]
[WhiteElo "1955"]
[BlackElo "2181"]
[PlyCount "84"]
[EventDate "2014.10.18"]
[EventType "swiss"]
[EventCountry "RUS"]

1. e4 c6 2. d4 d5 3. Nc3 dxe4 4. Nxe4 Bf5 5. Ng3 Bg6 6. h4 h6 7. Nf3 Nd7 8. h5
Bh7 9. Bd3 Bxd3 10. Qxd3 Qc7 11. Bd2 e6 12. O-O-O Ngf6 13. Ne4 O-O-O 14. g3
Nxe4 15. Qxe4 Nf6 16. Qe2 Bd6 17. c4 c5 18. Bc3 cxd4 19. Nxd4 a6 20. Kb1 Rd7
21. Nb3 Qc6 22. Rh4 Rhd8 23. Bxf6 gxf6 24. Rhd4 f5 25. a3 Bf8 26. Rxd7 Rxd7 27.
Rxd7 Qxd7 28. Ka2 Qc6 29. Na5 Qe4 30. Qxe4 fxe4 31. b4 Bd6 32. Kb1 e3 33. fxe3
Bxg3 34. Kc2 Bc7 35. Nb3 Kd7 36. Kd3 Bb6 37. Nd2 f5 38. c5 Bc7 39. Nc4 e5 40.
a4 Kc6 41. e4 f4 42. Nd2 a5 1/2-1/2

[Event "M.Chigorin Memorial 2014"]
[Site "St. Petersburg"]
[Date "2014.10.19"]
[Round "2.114"]
[White "Abdusattorov, Nodirbek"]
[Black "Skvortsov, Sergey"]
[Result "1-0"]
[WhiteElo "2179"]
[BlackElo "1934"]
[PlyCount "47"]
[EventDate "2014.10.18"]
[EventType "swiss"]
[EventCountry "RUS"]

1. e4 c6 2. Nf3 d5 3. Nc3 dxe4 4. Nxe4 Bf5 5. Ng3 Bg6 6. h4 h6 7. Ne5 Bh7 8.
Qh5 g6 9. Qf3 Nf6 10. Bc4 e6 11. d4 Nbd7 12. Ne4 Be7 13. Nxd7 Nxe4 14. Ne5 Qxd4
15. Qxf7+ Kd8 16. Be3 Qxe5 17. O-O-O+ Nd6 18. Rxd6+ Qxd6 19. Rd1 Qxd1+ 20. Kxd1
g5 21. Qg7 Bxc2+ 22. Kxc2 Rf8 23. Bxe6 b6 24. Qd4+ 1-0

[Event "M.Chigorin Memorial 2014"]
[Site "St. Petersburg"]
[Date "2014.10.19"]
[Round "2.115"]
[White "Bajaramov, Elvin"]
[Black "Kobzar, Alexandr"]
[Result "0-1"]
[WhiteElo "1950"]
[BlackElo "2176"]
[PlyCount "52"]
[EventDate "2014.10.18"]
[EventType "swiss"]
[EventCountry "RUS"]

1. e4 c5 2. Nc3 Nc6 3. Nf3 a6 4. a4 g6 5. e5 Bg7 6. Ne4 b6 7. Bc4 Bb7 8. Qe2
Qb8 9. d4 cxd4 10. Bf4 Nh6 11. Nf6+ Bxf6 12. Qd2 Nxe5 13. Nxe5 Bxe5 14. Bxh6
Bxg2 15. Rg1 Bf3 16. Qd3 Qb7 17. Kd2 Be4 18. Qe2 Rc8 19. f3 Rxc4 20. Qxc4 Bxf3
21. Rae1 f6 22. Rxe5 fxe5 23. Bg7 Qe4 24. Qb3 Qf4+ 25. Kd3 e4+ 26. Kc4 Qc7+ 0-1

[Event "M.Chigorin Memorial 2014"]
[Site "St. Petersburg"]
[Date "2014.10.19"]
[Round "2.116"]
[White "Altshul, Raffael"]
[Black "Evsyukov, Aleksey"]
[Result "1-0"]
[WhiteElo "2174"]
[BlackElo "1908"]
[PlyCount "73"]
[EventDate "2014.10.18"]
[EventType "swiss"]
[EventCountry "RUS"]

1. d4 f5 2. Bf4 Nf6 3. e3 g6 4. h4 Bg7 5. h5 O-O 6. hxg6 hxg6 7. Nf3 d6 8. Nc3
c6 9. Bc4+ d5 10. Be2 Bd7 11. Ne5 Be8 12. g4 Nxg4 13. Bxg4 fxg4 14. Qxg4 Rf6
15. Qh4 Rxf4 16. Qxf4 Nd7 17. Ng4 Nf6 18. O-O-O Qd6 19. Nxf6+ Qxf6 20. Ne2 g5
21. Qxf6 Bxf6 22. Rdg1 Bd7 23. Nf4 Bf5 24. Nh5 Kf7 25. Nxf6 exf6 26. f3 b5 27.
Kd2 a5 28. Rh2 a4 29. Kc3 Re8 30. Re1 Rg8 31. Kb4 g4 32. fxg4 Rxg4 33. Kc5 Bd7
34. Kd6 Be8 35. Rh7+ Kg6 36. Re7 Bf7 37. Kxc6 1-0

[Event "M.Chigorin Memorial 2014"]
[Site "St. Petersburg"]
[Date "2014.10.19"]
[Round "2.117"]
[White "Dushin, Nikolay"]
[Black "Menkov, Aleksandr"]
[Result "1-0"]
[WhiteElo "1947"]
[BlackElo "2170"]
[PlyCount "53"]
[EventDate "2014.10.18"]
[EventType "swiss"]
[EventCountry "RUS"]

1. Nf3 g6 2. e4 d6 3. Bc4 Nf6 4. d3 c6 5. Bb3 Bg7 6. c3 O-O 7. O-O e5 8. Re1
Re8 9. Bg5 h6 10. Bh4 Be6 11. Nbd2 g5 12. Bg3 Nh5 13. Nf1 Nd7 14. Bc2 f5 15.
exf5 Bxf5 16. d4 e4 17. N3d2 Ndf6 18. Nc4 Nxg3 19. Nxg3 Be6 20. Ne3 d5 21. f3
Qb6 22. fxe4 Qxb2 23. e5 Qxc3 24. Rc1 Qb4 25. Rb1 Qe7 26. Nef5 Bxf5 27. Nxf5
1-0

[Event "M.Chigorin Memorial 2014"]
[Site "St. Petersburg"]
[Date "2014.10.19"]
[Round "2.118"]
[White "Kostyuchenko, Vladimir"]
[Black "Shuvalov, Arvind"]
[Result "1-0"]
[WhiteElo "2169"]
[BlackElo "1900"]
[PlyCount "61"]
[EventDate "2014.10.18"]
[EventType "swiss"]
[EventCountry "RUS"]

1. c4 g6 2. d4 Bg7 3. Nc3 Nf6 4. e4 d6 5. Nf3 O-O 6. Be2 e5 7. d5 a5 8. Bg5 h6
9. Bh4 Na6 10. Nd2 Nc5 11. O-O Qd7 12. b3 Ne8 13. a3 f5 14. b4 axb4 15. axb4
Rxa1 16. Qxa1 Na6 17. exf5 gxf5 18. Qa3 Bf6 19. Bxf6 Rxf6 20. c5 Rg6 21. c6 Qf7
22. g3 e4 23. Bh5 Nf6 24. Bxg6 Qxg6 25. Nb5 Nc5 26. Qa8 Qe8 27. Nc4 b6 28. Qb8
Na4 29. Qxc7 e3 30. fxe3 Ne4 31. Ncxd6 1-0

[Event "M.Chigorin Memorial 2014"]
[Site "St. Petersburg"]
[Date "2014.10.19"]
[Round "2.119"]
[White "Tokhirjonova, Gulrukhbegim"]
[Black "Sakorenko, Adriana"]
[Result "1-0"]
[WhiteElo "2160"]
[BlackElo "1893"]
[PlyCount "61"]
[EventDate "2014.10.18"]
[EventType "swiss"]
[EventCountry "RUS"]

1. e4 c5 2. Nf3 e6 3. c3 d5 4. e5 Nc6 5. d4 Nge7 6. a3 cxd4 7. cxd4 Nf5 8. b4
Qb6 9. Be3 Bd7 10. Bd3 Nce7 11. Nc3 Rc8 12. Rc1 a5 13. b5 Nxe3 14. fxe3 Ng6 15.
Qb3 Be7 16. O-O O-O 17. Rc2 Nh4 18. Na4 Nxf3+ 19. Rxf3 Qa7 20. Rf1 Rxc2 21.
Qxc2 Bxa3 22. Bxh7+ Kh8 23. Bd3 Qb8 24. Qe2 g6 25. h4 Kg7 26. h5 Qe8 27. Nb6
Qd8 28. Nxd7 Qxd7 29. Qg4 Qe8 30. Rf6 Be7 31. hxg6 1-0

[Event "M.Chigorin Memorial 2014"]
[Site "St. Petersburg"]
[Date "2014.10.19"]
[Round "2.120"]
[White "Fedoseeva, Valentina"]
[Black "Radkov, Bazhen D"]
[Result "1-0"]
[WhiteElo "1946"]
[BlackElo "2160"]
[PlyCount "71"]
[EventDate "2014.10.18"]
[EventType "swiss"]
[EventCountry "RUS"]

1. e4 e5 2. Nf3 Nc6 3. Bc4 Nf6 4. d3 Bc5 5. O-O a6 6. c3 Ba7 7. Bg5 h6 8. Bh4
g5 9. Nxg5 hxg5 10. Bxg5 Bc5 11. d4 Be7 12. f4 Nxe4 13. Bd5 Bxg5 14. dxe5 Be7
15. b4 Nxc3 16. Nxc3 Nxb4 17. Ne4 Nxd5 18. Qxd5 d6 19. f5 c6 20. Qd4 d5 21.
Nd6+ Bxd6 22. exd6 Qh4 23. Qe5+ Kf8 24. h3 Rh6 25. f6 Bxh3 26. gxh3 Qxh3 27.
Rf5 Qh1+ 28. Kf2 Rh2+ 29. Ke3 d4+ 30. Kd3 Rh3+ 31. Kc4 b5+ 32. Kc5 Qd5+ 33.
Qxd5 cxd5 34. d7 Re3 35. Kd6 d3 36. Rh1 1-0

[Event "M.Chigorin Memorial 2014"]
[Site "St. Petersburg"]
[Date "2014.10.19"]
[Round "2.121"]
[White "Hefner, Felix"]
[Black "Tukubayev, K."]
[Result "0-1"]
[WhiteElo "1938"]
[BlackElo "2160"]
[PlyCount "89"]
[EventDate "2014.10.18"]
[EventType "swiss"]
[EventCountry "RUS"]

1. d4 Nf6 2. c4 c5 3. d5 b5 4. cxb5 a6 5. bxa6 Bxa6 6. Nc3 d6 7. g3 g6 8. Bg2
Bg7 9. Nf3 O-O 10. O-O Nbd7 11. Re1 Qb6 12. Qc2 Rfb8 13. b3 c4 14. Rb1 Ng4 15.
Nd1 Qa5 16. Bd2 Qa3 17. Bc3 cxb3 18. axb3 Rc8 19. Qb2 Qxb2 20. Bxb2 Rc2 21.
Bxg7 Kxg7 22. Nd4 Rd2 23. e3 Nc5 24. Bf1 Bxf1 25. Rxf1 Ne4 26. b4 Ngf6 27. b5
Nxd5 28. Nb2 Nec3 29. Nc4 Nxb1 30. Rxb1 Rda2 31. Rb3 R2a4 32. Nd2 Rb4 33. Rd3
Ra1+ 34. Kg2 Rd1 35. Kf3 e5 36. Nf5+ gxf5 37. Rxd5 Kf8 38. Ke2 Rh1 39. Rxd6
Rxb5 40. h4 e4 41. f4 Ke7 42. Rd4 Ra5 43. Rb4 Rh2+ 44. Kd1 Ra1+ 45. Rb1 0-1